MDQL
is popping MORE tags! Check the
thread
!
Quizzes
Events
Quiz Creation
Community
Videos
Private Events
Remove Ads
Sign In
Join for FREE
Feedback
Dark Mode
Quiz Categories
Sports
Geography
Music
Movies
Television
Just For Fun
Miscellaneous
History
Literature
Language
Science
Gaming
Entertainment
Religion
Holiday
For Kids
Quiz Lab
Recent
Popular Today
Quiz Kudos Today
Editor Picks
Curator Picks
Quizzes by...
Day
Popularity
Type
Ratings
Length
Year
Community
Subscriptions
Recent Discussions
Orange Saloon
Badges
Playlists
Quests
Create
Leaderboards
Showdown
Live 5
Trivia Bingo
Activity
Puzzle Library
Sporcle Events
Private Events
Virtual Trivia
Globe League
Become a Host
Pub Owners
SporcleCon
Opinionation
Our Games
Videos
Blog
Mobile Apps
Partnerships
Remove Ads and Go Orange
Feedback
Gaming
Video Games
Board Games
Card Games
Pokémon
Mario
Nintendo
Minecraft
Console
Toys
Legend of Zelda
Gaming
Video Games
Board Games
Card Games
Pokémon
Mario
Nintendo
Minecraft
Console
Toys
Legend of Zelda
Random Quiz
Search Sporcle
×
Quiz Lab
Quiz Lab
Gaming
Nintendo
Type in answers that appear in a list
Type in answers that appear in a list
Classic
Best Score? Go Orange.
Best-Selling Nintendo Games Stats
Can you name the Best-Selling Nintendo Games?
By
djmur3
12m
30 Questions
369 Plays
369 Plays
369 Plays
Comments
Comments
Give Quiz Kudos
Give Quiz Kudos
-
- Ratings
hide this ad
Replay
Link that replays current quiz
Next Quiz
Link to next quiz in quiz playlist
You Got
0%
They Got
Avg Score
52%
Avg Friend Score
Upgrade to see
Score Distribution
Jump to the score distribution portion of the page
Score
0/30
Timer
12:00
0
Plays Today
System
Game
% Correct
Nintendo Wii
Wii Sports
89.4%
Nintendo Entertainment System
Super Mario Bros.
85.1%
Nintendo 64
Super Mario 64
73.7%
Gameboy/
Gameboy Color
Pokémon Red, Blue & Green
70.2%
Super Nintendo Entertainment System
Super Mario World
66.9%
Gameboy
Tetris
64.5%
Nintendo Wii
Super Mario Galaxy
64.5%
Nintendo Entertainment System
Super Mario Bros. 3
64%
Nintendo Entertainment System
Super Mario Bros. 2
61%
Nintendo Wii
Wii Fit
60.2%
Gameboy/
Gameboy Color
Pokémon Gold & Silver
60.2%
Nintendo 64
Mario Kart 64
58.3%
Nintendo Wii
Mario Kart Wii
57.7%
Nintendo Wii
Wii Play
55.8%
Gameboy Advance
Pokémon Ruby & Sapphire
52.3%
System
Game
% Correct
Nintendo Wii
Super Smash Bros. Brawl
52%
Nintendo DS
Pokémon Diamond & Pearl
50.7%
Nintendo DS
New Super Mario Bros.
50.4%
Nintendo DS
Nintendogs
49.6%
Nintendo DS
Mario Kart DS
46.9%
Gameboy/
Gameboy Color
Super Mario Land
46.9%
Super Nintendo Entertainment System
Super Mario Kart
46.1%
Gameboy/
Gameboy Color
Pokémon Yellow: Special Pikachu Edition
44.4%
Nintendo 64
GoldenEye 007
39%
Gameboy/
Gameboy Color
Super Mario Land 2: 6 Golden Coins
37.4%
Super Nintendo Entertainment System
Donkey Kong Country
33.3%
Gameboy Advance
Pokémon FireRed & LeafGreen
31.7%
Nintendo DS
Brain Age: Train Your Brain in Minutes a Day!
25.5%
Nintendo DS
Brain Age 2: More Training in Minutes a Day!
16.3%
Nintendo DS
Animal Crossing: Wild World
16%
Quiz Playlist
Details
Report
Send in Message
Add To Playlist
Classic:
Type in answers that appear in a list
Last Updated: Feb 16, 2017
Quiz Scoreboard
CHALLENGE
Sign Up to Join the Scoreboard
Show All
Scores
Hide
Comments
May contain spoilers
Recently Published
1-10 Letter E Words III
by El_Dandy
Language
2m
Street Fighter Characters
by Artimus82
Gaming
60s
College Basketball Coaching Resumes
by pancakes188
Sports
9m
More to Explore
Quiz From the Vault
Featured Blog Post
Where Did the Easter Bunny Come From?
hide this ad
You Might Also Like...
Tags
Nintendo Quiz
amount
Best Selling
Nintendo Games
sold
System
Today's Top Quizzes in Gaming
Browse Gaming
hide this ad
Today's Top Quizzes in Nintendo
Browse Nintendo
Top Contributed Quizzes in Gaming
1
5-to-1: Consoles
2
7-to-1: Board Game Piece Blitz
3
5-to-1: Legend of Zelda
4
League of Legends Pro Players by Career/Team History
5
Destiny 2 exotic weapons by perk icons
6
Ultimate Genshin Impact Logic Puzzle (up to 4.3)
7
Quick Pick: Video Games Lost in Translation
8
Franchise by Action Figure
9
Who's on the WWE 2K24 Cover?
10
Genshin Impact Logic Puzzle Quiz
Explore More
Trending Topics
Disney
Anime
Marvel
NBA
Kpop
Harry Potter
Crossword
WWE
Puzzle
The Office
NFL
Pokémon
Country
Song
Soccer
hide this ad
More By:
djmur3
Quiz
Plays
Rating
Category
Featured
Created
Best-Selling Nintendo Games
369
2.60
Gaming
Nov 30, 2009
Go to Creator's Profile
Score Distribution
Quiz Creator Spotlight
djmur3
Follow
Send a Message
Quizzes Created
-
Created Quiz Play Count
-
More By This Creator
Popular Quizzes Today
1
Find the US States - No Outlines Minefield
2
Find the Countries of Europe - No Outlines Minefield
3
The Countries of the World
4
Find the US States
5
Risky Map Clicking: Biggest States A-Z
6
US States
7
Popular People in 1961
8
Movies - When Are They Set?
More Gaming Quizzes
Complete the PS4 Exclusive Games
Quiz Lab
Trending Quizzes
Risky Map Clicking: Least Populous States A-Z
Billboard Blitz: Aretha Franklin
1-10 Letter G Words
Countries of the World: 200 Million BC
1-10 Letter F Words
Recently Updated
Leaping Animals
pecheneg
Reality TV Shows (A-Z)
bhenderson79
Rickey Henderson's Hall of Fame Teammates
pecheneg
Champions League XIs: Arsenal
pecheneg
Quick Pick: Celebrities in WWE's Hall of Fame
aduchscher
A-Z Keypad Blitz II
pecheneg
Multiple Oscar Actors
pecheneg
Mystery Phrase Blitz: Oscar 'Best Actors'
pecheneg
F. Scott Fitzgerald Novels
LTH
Pick 3 Villains
ddd62291
Trending Topics
Disney
Harry Potter
Anime
Kpop
NBA
Crossword
Marvel
Pokémon
Puzzle
Country
Soccer
WWE
The Office
NFL
Song
Your Account Isn't Verified!
In order to create a playlist on Sporcle, you need to verify the email address you used during registration. Go to your
Sporcle Settings
to finish the process.
Report this User
Report this user for behavior that violates our
Community Guidelines
.
Details:
Send Report
Go to the Sporcle.com Mobile Site →
Comments